000 00439nam a22001697a 4500
003 NUST - PNEC
005 20170116181147.0
008 151013b xxu||||| |||| 00| 0 eng d
020 _a070231753
040 _cLIBRARY
082 _a623.81GIB
100 _915107
_aGibbs
245 _aMarine Design manual for fiberglass reinforced plastics
_cGibbs
260 _cc.1960
650 _915110
_aNaval architecture
_xMIS
942 _2ddc
_cBK
999 _c70768
_d70768